Entraîneurs de Top 14. - Statistiques

Statistiques générales
  • Ce quiz a été pris 359 fois
    81 depuis la dernière actualisation
  • Le résultat moyen est 8 sur 14
Statistiques - réponses
Club Entraîneur % Correct
Stade toulousain Ugo Mola
96%
ASM Clermont Christophe Urios
89%
RC Toulon Pierre Mignoni
84%
Union Bordeaux-Bègles Yannick Bru
81%
Stade rochelais Ronan O'Gara
79%
Aviron bayonnais Grégory Patat
66%
Lyon OU Karim Ghezal
59%
USA Perpignan Laurent Labit
59%
Racing 92 Patrice Collazo
57%
US Montauban Sébastien Tillous-Borde
44%
Section paloise Sébastien Piqueronies
33%
Montpellier HR Joan Caudullo
23%
Castres olympique Xavier Sadourny
23%
Stade français Paris Paul Gustard
21%
Aucun quiz correspondant
Distribution des résultats
% des personnes avec chaque résultat
Percentile par nombre de réponses
Votre historique - résultats
Vous n’avez pas pris ce quiz depuis la dernière actualisation